00432cam a22001452 4500001001100000005001700011008004100028040001500069050002000084100003100104245006000135260002900195300001200224600005000236000000040920151217155800.0070131s xx 000 0 eng d aKABUcKABU 0aDT1927b.S68H361 aHancock, W. K.@000016780910aSmuts :bthe sanguine years 1870-1919 /cW. K. Hancock. aCambridge :bCUP,c1962. a 618 P.10aSmuts, Jan Christian,d1870-1950.@0000167788